Geography Quiz

Random Geography or City Quiz

Which is Farther? (United States) Quiz Stats

 Plays Quiz not verified by Sporcle

Also try: 'L' World Metros
Challenge
Share
Tweet
Embed
Score 0/16 Timer 05:00
0 Plays Today
Which is further? 1 or 2 % Correct
????
100%
????
94.8%
????
92.7%
????
89.6%
????
89.6%
????
87.5%
????
77.1%
????
76%
Which is further? 1 or 2 % Correct
????
67.7%
????
66.7%
????
64.6%
????
59.4%
????
57.3%
????
49%
????
43.8%
????
39.6%

You're not logged in!

Compare scores with friends on all Sporcle quizzes.
Join for Free
OR
Log In

You Might Also Like...

Show Comments

Extras

Top Quizzes Today


Score Distribution

Your Account Isn't Verified!

In order to create a playlist on Sporcle, you need to verify the email address you used during registration. Go to your Sporcle Settings to finish the process.

Report this User

Report this user for behavior that violates our Community Guidelines.

Details: